| Tag |
First Indicator |
Second Indicator |
Subfields |
| LEADER |
00000cam a2200000 a 4500 |
| 001 |
in00000004828 |
| 007 |
he bmb024bbca |
| 008 |
990629s1998 dcu bb f000 0 eng c |
| 005 |
20230331144324.9 |
| 035 |
|
|
|a (OCoLC)ocm41622825
|
| 035 |
|
|
|9 AJJ1927AM
|
| 035 |
|
|
|a in00000004828
|
| 037 |
|
|
|a 161193
|b GAO (202) 512-6000 (Voice); (202) 512-6061 (Fax); (202) 512-2537 (TDD)
|f paper copy
|
| 040 |
|
|
|a SEN
|c SEN
|d GPO
|d DLC
|d MvI
|d UtOrBLW
|
| 042 |
|
|
|a pcc
|
| 043 |
|
|
|a n-us---
|
| 049 |
|
|
|a UMIC
|
| 049 |
|
|
|a WWW
|
| 074 |
|
|
|a 0546-D (MF)
|
| 074 |
|
|
|a 0546-D (online)
|
| 086 |
0 |
|
|a GA 1.13:AIMD-98-240
|
| 088 |
|
|
|a GAO/AIMD-98-240
|
| 088 |
|
|
|a B-280584
|
| 110 |
1 |
|
|a United States.
|b General Accounting Office.
|
| 245 |
1 |
0 |
|a Year 2000 computing crisis :
|b compliance status of many biomedical equipment items still unknown : report to the Chairman, Subcommittee on Oversight and Investigations, Committee on Veterans' Affairs, House of Representatives /
|c United States General Accounting Office.
|
| 246 |
3 |
0 |
|a Compliance status of many biomedical equipment items still unknown
|
| 264 |
|
1 |
|a Washington, D.C. (P.O. Box 37050, Washington 20013) :
|b The Office,
|c [1998]
|
| 300 |
|
|
|a 43 pages ;
|c 28 cm.
|
| 336 |
|
|
|a text
|b txt
|2 rdacontent
|
| 337 |
|
|
|a microform
|b h
|2 rdamedia
|
| 338 |
|
|
|a microfiche
|b he
|2 rdacarrier
|
| 500 |
|
|
|a Cover title.
|
| 500 |
|
|
|a Shipping list number: 99-0591-M.
|
| 500 |
|
|
|a "September 1998."
|
| 504 |
|
|
|a Includes bibliographical references.
|
| 500 |
|
|
|a "GAO/AIMD-98-240."
|
| 500 |
|
|
|a "B-280584"--P. 1.
|
| 533 |
|
|
|a Microfiche.
|b [Washington, D.C.] :
|c U.S. General Accounting Office,
|d [1999?]
|e 1 microfiche : negative.
|7 s1999 dcun b
|
| 530 |
|
|
|a Also available via Internet from the GPO Access web site. Address as of 2/19/02: http://frwebgate.access.gpo.gov/cgi-bin/getdoc.cgi?dbname=gao&docid=f:ai98240.pdf; current access is available via PURL.
|
| 500 |
|
|
|a Microform.
|
| 650 |
|
0 |
|a Medical instruments and apparatus
|z United States
|x Maintenance and repair.
|
| 650 |
|
0 |
|a Year 2000 date conversion (Computer systems)
|z United States.
|
| 610 |
1 |
0 |
|a United States.
|b Veterans Health Administration
|x Data processing
|x Evaluation.
|
| 610 |
1 |
0 |
|a United States.
|b Food and Drug Administration
|x Data processing
|x Evaluation.
|
| 776 |
1 |
|
|c Original
|w (OCoLC)39974848
|
| 856 |
4 |
1 |
|u https://purl.fdlp.gov/GPO/LPS17668
|z Adobe Acrobat Reader required
|t 0
|
| 999 |
|
|
|a MARS
|
| 999 |
f |
f |
|i 4df737b4-eecb-3f55-a612-04028c475dcd
|s 080f048f-6bc7-32ce-a05e-18774b8e2249
|t 0
|
| 952 |
f |
f |
|p normal
|a Texas A&M University
|b College Station
|c Sterling C. Evans Library
|d Evans: US Documents Microfiche (3rd floor)
|t 0
|e GA 1.13:AIMD-98-240
|h Superintendent of Documents classification
|i microform -- microfiche
|m A14824502576
|
| 952 |
f |
f |
|a Texas A&M University
|b College Station
|c Electronic Resources
|d Available Online
|t 0
|e GA 1.13:AIMD-98-240
|h Superintendent of Documents classification
|
| 998 |
f |
f |
|a GA 1.13:AIMD-98-240
|t 0
|l Evans: US Documents Microfiche (3rd floor)
|
| 998 |
f |
f |
|a GA 1.13:AIMD-98-240
|t 0
|l Available Online
|